50 Flicks to Click (1983) Quiz Stats

 Plays Quiz Updated Aug 17, 2016

Challenge
Share
Tweet
Embed
Score 0/50 Timer 07:00
3 Plays Today
% Correct
Jedi
94.2%
Endearment
94%
Be
93.3%
Risky
92.1%
Big
91.3%
Two
91%
Ice
90.4%
Twilight
90.3%
Cry
90.2%
Trading
89.9%
Never
89.6%
Century
89%
Brains
88.4%
Staying
88%
Impact
88%
Penzance
86.1%
Stuff
84.2%
3-D
83.8%
Moves
83.5%
Christmas
83.1%
Rita
82.1%
Easy
80.9%
Wicked
80.4%
Meaning
80%
Zone
78.6%
% Correct
Boys
78.3%
Porky's
77.8%
Girl
75.8%
Gorky
75.2%
Mr.
75%
Losin'
74.3%
Tender
74.1%
Eddie
73.1%
Uncommon
67.9%
Blue
66%
Sleepaway
64.6%
Brew
61.8%
Bandits
57.2%
McQuade
55.9%
Discipline
55.8%
Ace
55.2%
My
54.5%
School
54.2%
Local
54%
Dugan
53.6%
Rumble
52.7%
Doctor
52.2%
Lawrence
48.3%
Star
45.4%
Osterman
33.7%

You're not logged in!

Compare scores with friends on all Sporcle quizzes.
Join for Free
OR
Log In

You Might Also Like...

Show Comments

Extras

Top Quizzes Today


Score Distribution

Your Account Isn't Verified!

In order to create a playlist on Sporcle, you need to verify the email address you used during registration. Go to your Sporcle Settings to finish the process.

Report this User

Report this user for behavior that violates our Community Guidelines.

Details: